Διοίκηση έργων : μια διοικητική προσέγγιση

Αποθηκεύτηκε σε:
Λεπτομέρειες βιβλιογραφικής εγγραφής
Κύριοι συγγραφείς: Meredith, Jack R. (Συγγραφέας), Mantel, Samuel J. (Συγγραφέας), Shafer, Scott M. (Συγγραφέας)
Άλλοι συγγραφείς: Γεράνιος, Μιχάλης (Μεταφραστής), Κοντός, Γεράσιμος Κ. (Μεταφραστής), Εμίρης, Δημήτριος Μ., 1965- (Επιμελητής έκδοσης), Κακούρης, Ανδρέας (Επιμελητής έκδοσης), Υψηλάντης, Παντελής Γ. (Επιμελητής έκδοσης)
Μορφή: Βιβλίο
Γλώσσα:Greek
Δημοσίευση: Αθήνα : Προπομπός, c2020.
Θέματα:
Ετικέτες: Προσθήκη ετικέτας
Δεν υπάρχουν, Καταχωρήστε ετικέτα πρώτοι!

MARC

LEADER 00000cam a2200000 a 4500
001 1/122629
008 210203t2020####gr | ||| |||| ||gre||
020 |a 9786185036386   |q (χαρτόδετο)  
040 |a GR-MyUa  |b gre  |c GR-MyUa  |e AACR2 
041 1 |a gre 
082 7 |a 658.404   |2 (23)  
100 1 |a Meredith, Jack R.  |e aut 
245 1 0 |a Διοίκηση έργων :   |b μια διοικητική προσέγγιση /   |c Jack R. Meredith, Samuel J. Mantel Jr., Scott M. Shafer ; μετάφραση Μιχάλης Γεράνιος, Γεράσιμος Κοντός, επιμέλεια Δημήτρης Μ. Εμίρης, Ανδρέας Κακούρης, Παντελής Υψηλάντης.  
260 |a Αθήνα :   |b Προπομπός,   |c c2020.  
300 |a 590 σ. :   |b διαγρ., εικ., πίν., χάρτες ;   |c 29 εκ.  
504 |a Περιλαμβάνει βιβλιογραφία.  
650 0 |a Product management. 
650 0 |a Project management. 
650 0 |a Construction industry. 
700 1 |a Mantel, Samuel J.  |e aut 
700 1 |a Shafer, Scott M.  |e aut 
700 1 |a Γεράνιος, Μιχάλης,  |e trl 
700 1 |a Κοντός, Γεράσιμος Κ. ,  |e trl 
700 1 |a Εμίρης, Δημήτριος Μ.,   |d 1965-  |e edt 
700 1 |a Κακούρης, Ανδρέας,  |e edt 
700 1 |a Υψηλάντης, Παντελής Γ.  |e edt 
765 0 8 |i Μετάφραση του :   |t Project management :  
852 |a INST  |b CHIOS  |c EUDOXUS  |e 20210203  |h 658.404 MER  |p 005200039819  |q 005200039819  |t EDX  |y 0 
920 |a Εύδοξος  |b Παραγγελία  |y Χίος-ΤΟΔΙΤ  |z 2021-01 
970 |a Παροικάκη  |b Βασιλική  |z 03-02-2021